Commercial mathematics and statistics (Record no. 5992)

MARC details
000 -LEADER
fixed length control field 00598cam a2200217ua 4500
001 - CONTROL NUMBER
control field 6850
005 - DATE AND TIME OF LATEST TRANSACTION
control field 20260515114120.0
008 - FIXED-LENGTH DATA ELEMENTS--GENERAL INFORMATION
fixed length control field 140301n ii |||gr||||Z||||||eng
020 ## - INTERNATIONAL STANDARD BOOK NUMBER
International Standard Book Number 978-93-272-1136-8
040 ## - CATALOGING SOURCE
Transcribing agency MAIN
082 ## - DEWEY DECIMAL CLASSIFICATION NUMBER
Classification number 519.5
245 ## - TITLE STATEMENT
Title Commercial mathematics and statistics
Statement of responsibility, etc. By S.C. Chanda
250 ## - EDITION STATEMENT
Edition statement 5th ed.
260 ## - PUBLICATION, DISTRIBUTION, ETC.
Place of publication, distribution, etc. Ludhiana:
Name of publisher, distributor, etc. Kalyani publishers,
Date of publication, distribution, etc. 2011.
300 ## - PHYSICAL DESCRIPTION
Extent x,401p.
653 ## - INDEX TERM--UNCONTROLLED
Uncontrolled term Probabilities & applied mathematics
653 ## - INDEX TERM--UNCONTROLLED
Uncontrolled term Commercial mathematics and statistics
700 ## - ADDED ENTRY--PERSONAL NAME
Personal name Chanda,S.C.,
Relator term Author.,
700 ## - ADDED ENTRY--PERSONAL NAME
Personal name Nag,N.K.,
Relator term Author.
942 ## - ADDED ENTRY ELEMENTS (KOHA)
Koha item type Books
Holdings
Withdrawn status Lost status Damaged status Not for loan Home library Current library Shelving location Date acquired Total checkouts Full call number Barcode Date last seen Date last checked out Copy number Price effective from Koha item type
        Naharkatiya College Library Naharkatiya College Library General stacks 09/19/2020 31 519.5 | CHA 20144 03/12/2026 01/27/2026 2 09/19/2020 Books
        Naharkatiya College Library Naharkatiya College Library General stacks 09/19/2020   519.5 | CHA 20145 09/24/2021   1 09/19/2020 Books